finish the A Cautionary Tale from mean girls the musical lyrics! - Statistics

General Stats
  • This quiz has been taken 104 times
  • The average score is 20 of 23
Answer Stats
Hint Answer % Correct
To be popular ___ hot? and
100%
But how far would you __ go
100%
Damian: No ___ died one
100%
Janis: No, you _____ not would
99%
Would ___ resist temptation? you
99%
Based on actual ____ where people died events
98%
Mean is easier than ____ nice
96%
And though mean can take ___ far you
96%
Just _____ it admit
95%
Maybe this will make you think _____ twice
95%
Both: Sometimes mean is what ___ are you
95%
Janis: It's a cautionary tale of fear and ____ and pride lust
94%
Both:____ is a Cautionary Tale This
90%
Janis:You can't buy integrity at ___ mall, it's not for sale the
88%
Both: This is a __________ tale! Cautionary
87%
Damian: And _______ hit by a bus! getting
87%
Damian: Our story ______ across the globe in Africa. Africa! begins
81%
About corruption and ________! betrayal!
81%
Damian: ____! Kick!
71%
Janis: _____ you Thank
70%
______! layout!
68%
Damian: ____. nice
68%
_____! Fosse!
60%
No matching quizzes found
Score Distribution
Percent of People with Each Score
Percentile by Number Answered
Your Score History
You have not taken this quiz